000
00243nam a22000857a 4500
008
161207b xxu||||| |||| 00| 0 eng d
100
_9
1880
_a
Kalra. P. S
245
_a
Laboratory skills Mathematics part-9
260
_a
New delhi
_b
Arya publication
_c
2006
999
_c
4631
_d
4631